000 00420nam a2200181Ia 4500
001 14128
005 20260306164851.0
008 260306t1964||||xx |||||||||||||| ||spa||
041 _aESP
082 _a501
_bT868
100 _aToulmin, Stephen
_eAUT
245 0 _aLa filosofía de la ciencia
260 _c1964
300 _a210 páginas :
_c17 cm.
650 _aGEN
654 _aCCN
942 _cLIB
_dJUS
_fJUS
_2ddc
_n
999 _c14128
_d14128